000 00905nam a22002777a 4500
003 CHAP
005 20220329140659.0
008 971013s1964 r 00010 d
010 _a55948
011 _a56920
035 _a61073
040 _cCHAP
082 _a061.3
_bR62s
100 0 0 _aShaplen, Robert.
_9105494
245 _aToward the well-being of mankind. fifty years of the Rockefeller Foundation
260 _aGarden City, N.Y. :
_bDoubleday,
_c1964
300 _a214 p.
_b: ilus.
590 _aBATCH-UPD
_b10
_c20130110
_lUCH01
_h2349
590 _aCONVERSION
_b10
_c20130109
_lUCH01
_h1330
650 1 4 _aFundación Rockefeller
_944006
901 _aBK
942 _cLIBRO
949 _a061.3 R62s
_bBC
_cLIBRO
_d33724000304135
_eLIBRO
_fc.3
_i61073
_si
949 _a061.3 R62s
_bBC
_cLIBRO
_d33724000304143
_eLIBRO
_fc.2
_i61073
_si
949 _a061.3 R62s
_bBC
_cLIBRO
_d33724000304150
_eLIBRO
_i61073
_si
999 _c55948
_d55948